000 01240cam a22003014a 4500
001 12956170
003 OSt
005 20160602140851.0
008 021003s2003 vaua b 001 0 eng
010 _a 2002151115
020 _a9780871206558 (alk. paper)
040 _aDLC
_cDLC
_dDLC
042 _apcc
050 0 0 _aLB 1623.5
_b.T66 2003
082 0 0 _aGLT 373.19
_bT59 2003
100 1 _aTomlinson, Carol A.
_922437
245 1 0 _aDifferentiation in practice :
_ba resource guide for differentiating curriculum, grades 5-9 /
_cCarol Ann Tomlinson [and] Caroline Cunningham Eidson.
260 _aAlexandria, Va. :
_bAssociation for Supervision and Curriculum Development,
_c2003.
300 _a247 p. :
_bill. ;
_c25 cm.
500 _aIncludes bibliographical references (p. 241-242) and index.
650 0 _aMiddle school education
_xCurricula
_zUnited States.
_922492
650 0 _aAbility grouping in education
_zUnited States.
_922493
700 1 _aEidson, Caroline Cunningham,
_d1968-
_922494
906 _a7
_bcbc
_corignew
_d1
_eecip
_f20
_gy-gencatlg
942 _2lcc
_cBK
999 _c12540
_d12540